000 02641nam a2200349 4500
001 107
003 OSt
005 20250528074012.0
008 250127b |||||||g |||| 00| 1 eng d
020 _a8571062501
040 _bpor
041 _hspa
_apor
082 _a863
_bC419d
100 1 _aCervantes Saavedra, Miguel de
_d1547-1616
_9238
240 _aEl ingenioso hidalgo Don Quijote de la Mancha
245 _aDom Quixote de la Mancha /
_cCervantes, Miguel de ; Tradução e adaptação de Ferreira Gullar e Ilustração de Gustave Doré
250 _a5° edição
260 _aRio de Janeiro
_bRevan
_c2016
300 _a222 p.
_bil.
520 _aHá pouco considerado por uma comissão internacional de escritores como o melhor livro de todos os tempos, Dom Quixote nos chega agora traduzido e adaptado por Ferreira Gullar, que extraiu o melhor sumo do conteúdo poético e humanista dos cinco grossos volumes da edição original da obra de Miguel de Cervantes e, numa linguagem moderna e fluida, a tornou mais acessível aos leitores de nosso tempo. As ilustrações de Gustave Doré com certeza também serão um deleite para os leitores. Dom Quixote certamente vai seguir a trilha do êxito obtido por Gullar no tratamento de dois clássicos da literatura - Fábulas de La Fontaine e As mil e uma noites, ambos ganhadores do prêmio "Altamente Recomendável", dado pela FNLIJ -, também editados pela Revan, que hoje estimulam a imaginação e enchem de beleza os olhos de dezenas de milhares de crianças e adultos em todo o Brasil. A história mostra um ingênuo senhor rural cujo passatempo favorito era a leitura de livros de cavalaria. Na sua obsessão, acreditava literalmente nas aventuras escritas e decide tornar-se um cavaleiro andante. Suas viagens sucedem-se sob a alucinação de que estava vivendo na era da cavalaria; pessoas que encontrava nas estradas pareciam-lhe como cavaleiros em armas, damas em apuros, gigantes e monstros; até moinhos de vento na sua imaginação eram seres vivos. Combatendo as injustiças, o personagem enfrenta situações penosas e ridículas, mantendo, porém, uma figura nobre e patética. Ao final, Dom Quixote volta à razão, renuncia aos romances de cavalaria e morre como piedoso cristão.
650 0 _aLiteratura espanhola
_9144
650 0 _aAdaptação
_9788
650 0 _aAventura
_947
650 0 _aAmor e Paixão
_925
650 0 _aClássicos
_977
650 0 _aFilme
_926
655 0 _aRomance
_923
655 0 _aFicção
_922
700 _aFerreira Gullar
_eTradutor
_eAdaptação
_9239
700 _aGustave Doré
_eIlustração
_9240
942 _2ddc
_n0
_cBK
999 _c107
_d107